Liderazgo y dirección centrados en el grupo

Uloženo v:
Podrobná bibliografie
Hlavní autor: Gordon, Thomas (Autor)
Médium: Kniha
Jazyk:španělština
Vydáno: s.n 1900
Témata:
Tagy: Přidat tag
Žádné tagy, Buďte první, kdo vytvoří štítek k tomuto záznamu!

MARC

LEADER 00000nam a2200000 a 4500
001 UCY7717
003 CL-VaPUC
008 950616e19000000SP |||||||||||||||||spa|d
082 0 4 |a 303.34  |b GOR  |2 21 
100 |a Gordon, Thomas  |e author  |9 544715 
245 1 0 |a Liderazgo y dirección centrados en el grupo 
300 |a 53 h 
942 |c BK 
945 |d 19950616 00:00:00  |a cmena 
260 |b s.n  |c 1900 
500 |a Corresponde a capítulo 8 del libro Psicoterapia centrada en el cliente de Carl R. Rogers 
650 7 |a GRUPOS  |2 CL-VaPUC  |9 336429 
650 0 |a Liderazgo  |9 271835 
650 0 |a Organizaciones  |9 337993 
650 7 |a GRUPOS DE TRABAJO  |2 CL-VaPUC  |9 263151 
650 7 |a PSICOTERAPIA  |2 CL-VaPUC  |9 338431 
583 |a last modification  |c 20130411 08:44:42  |k Rodrigo Vera 
999 |c 235039  |d 235037 
952 |0 0  |1 0  |4 0  |6 303_340000000000000_GOR_1900  |7 0  |8 P  |9 242149  |a BIBEDU  |b BIBEDU  |c BIBEDU_PB  |d 2019-11-18  |i 1517368  |o 303.34 GOR 1900  |p 1517368  |r 2019-11-18  |w 2019-11-18  |y BK  |k EDU